00448 a2200109 4500082001200000100001800012245006600030260008300096300004300179500005900222856005700281 aBICSE-2 aKashif Sharif aMicrocontroller Based GPRS Enabled RFID SystemcKashif Sharif a Isalamabad,bNUST School of Electrical Engineering & Computer Science,c2008. a x, 63 p.b : ill.c; 27 cm. +eCD-ROM aSupervisors : Dr. Nazar Abbas Saqib, Dr. Fauzan Mirza. uhttp://10.250.8.41:8080/xmlui/handle/123456789/28958